All 50k+ Cities in Turkey with a Map - Statistics

General Stats
  • This quiz has been taken 4,664 times
  • The average score is 57 of 178
Answers on the Map
Answers color-coded by a green-red scale on the quiz's map according to % correct below.
 
Answer Stats
Population City % Correct
15,113,808 Istanbul
98%
5,036,238 Ankara
95%
2,956,772 Izmir
92%
1,240,891 Antalya
87%
1,968,867 Bursa
83%
1,737,268 Adana
80%
1,300,605 Konya
79%
172,802 Edirne
76%
1,667,546 Gaziantep
76%
286,328 Trabzon
75%
497,443 Van
72%
617,788 Samsun
70%
996,494 Mersin
65%
434,225 Batman
63%
955,542 Kayseri
63%
1,035,036 Diyarbakır
62%
765,669 Eskişehir
60%
410,543 Erzurum
59%
174,685 Tekirdağ
59%
137,365 Çanakkale
57%
114,576 Rize
57%
353,175 Sivas
57%
623,285 Denizli
55%
335,165 İzmit
55%
88,183 Kars
55%
577,218 Şanlıurfa
55%
348,186 Antakya
52%
173,929 Alanya
51%
475,261 Malatya
51%
109,839 Bodrum
50%
538,490 Kahramanmaraş
49%
306,264 Balıkesir
48%
79,038 Kırklareli
48%
78,890 Muğla
48%
171,646 Ordu
47%
249,244 Aydın
46%
288,692 Çorlu
46%
132,315 Erzincan
46%
59,756 Hakkâri
46%
243,020 Isparta
46%
372,512 Manisa
46%
122,036 Mardin
46%
178,038 Bolu
45%
165,858 Karaman
45%
708,304 Gebze
44%
94,946 Iğdır
44%
108,049 Muş
44%
105,494 Zonguldak
44%
186,808 İskenderun
43%
377,906 Elâzığ
42%
117,944 Giresun
42%
124,454 Kastamonu
42%
129,013 Yalova
42%
267,031 Çorum
41%
237,476 Osmaniye
41%
239,710 Afyonkarahisar
40%
231,302 Aksaray
40%
190,818 Kırıkkale
40%
252,633 Kütahya
40%
115,461 Nevşehir
40%
223,029 Uşak
40%
118,928 Ağrı
39%
153,834 Tokat
39%
115,453 Amasya
38%
181,997 Silivri
38%
91,981 Yozgat
38%
260,820 Adıyaman
37%
181,184 Düzce
37%
103,873 Kilis
37%
148,270 Niğde
37%
525,854 Adapazarı
36%
92,670 Burdur
36%
119,460 Lüleburgaz
36%
61,738 Şırnak
36%
73,699 Bartın
35%
52,015 Bitlis
35%
103,461 Fethiye
35%
121,464 Karabük
35%
144,364 Kırşehir
35%
69,424 Marmaris
34%
267,608 Tarsus
34%
65,362 Bilecik
33%
123,958 Bingöl
33%
87,748 Çankırı
33%
155,862 Siirt
33%
136,693 Bandırma
32%
90,646 Kuşadası
31%
109,159 Ereğli
27%
118,764 Karadeniz Ereğli
27%
60,995 Keşan
26%
115,248 Ceyhan
24%
116,831 Edremit
24%
104,138 Polatlı
24%
70,701 Yüksekova
24%
221,356 İnegöl
23%
158,519 Manavgat
23%
125,461 Çerkezköy
22%
125,183 Akhisar
21%
69,601 Çarşamba
21%
79,204 Doğubayazıt
21%
103,456 Elbistan
21%
121,905 Nazilli
21%
89,261 Bafra
20%
54,866 Biga
20%
125,799 Cizre
20%
72,098 Didim
20%
159,072 Gölcük
20%
165,258 Menemen
20%
77,493 Mudanya
20%
62,441 Silifke
20%
67,653 Akşehir
19%
69,228 Bergama
19%
84,692 Fatsa
19%
75,283 Tatvan
19%
144,665 Turgutlu
19%
56,708 Urla
19%
86,188 Dörtyol
18%
105,677 Gemlik
18%
67,066 Milas
18%
60,466 Mustafakemalpaşa
18%
51,559 Safranbolu
18%
95,987 Soma
18%
75,309 Aliağa
17%
77,937 Midyat
17%
91,605 Erciş
16%
87,207 Kemalpaşa
16%
165,617 Körfez
16%
151,349 Siverek
16%
61,054 Tire
16%
90,652 Ünye
16%
184,057 Kızıltepe
15%
91,046 Kozan
15%
82,774 Ödemiş
15%
86,399 Söke
15%
76,779 Akçaabat
14%
111,457 Kapaklı
14%
80,438 Menderes
14%
58,229 Merzifon
14%
82,898 Nusaybin
14%
63,770 Orhangazi
14%
67,794 Reyhanlı
14%
107,340 Salihli
14%
175,399 Torbalı
14%
139,957 Derince
13%
62,616 Karacabey
13%
52,808 Karamürsel
13%
113,354 Nizip
13%
62,784 Patnos
13%
69,323 Serik
13%
98,852 Silopi
13%
71,700 Tavşanlı
13%
113,156 Viranşehir
13%
56,042 Alaşehir
12%
69,119 Bozüyük
12%
65,894 Erbaa
12%
56,589 Hendek
12%
113,169 Kartepe
12%
86,219 Çubuk
11%
59,309 Erdemli
11%
94,868 Kadirli
11%
57,946 Kestel
11%
158,631 Talas
11%
51,997 Aksu
10%
80,935 Kâhta
10%
85,842 Kırıkhan
10%
53,299 Sorgun
10%
59,755 Suruç
10%
52,637 Ceylanpınar
9%
50,048 Döşemealtı
9%
85,077 Ergani
9%
98,837 Başiskele
8%
67,640 Bismil
8%
53,484 Düziçi
8%
91,013 Gürsu
8%
189,608 Karaköprü
8%
62,579 Turhal
8%
51,380 Yeşilyurt
7%
52,416 Kazan
5%
No matching quizzes found
Score Distribution
Percent of People with Each Score
Percentile by Number Answered
Your Score History
You have not taken this quiz